Brasileirão Série A 2024 Teams - Statistics

General Stats
  • This quiz has been taken 1,613 times
    1,008 since last reset
  • The average score is 17 of 20
Answer Stats
Teams % Correct
Botafogo
93%
Cruzeiro
93%
Grêmio
92%
Atlético Mineiro
91%
Flamengo
91%
Fortaleza
91%
Palmeiras
91%
Bahia
90%
Corinthians
90%
Fluminense
90%
Athletico Paranaense
89%
Internacional
89%
Criciúma
86%
Juventude
86%
Cuiabá
85%
Red Bull Bragantino
85%
""=""> Vasco da Gama
82%
Atlético Goianiense
76%
Vitória
74%
São Paulo
57%
No matching quizzes found
Score Distribution
Percent of People with Each Score
Percentile by Number Answered
Your Score History
You have not taken this quiz since the last reset